00000000nam 2200000zi 4500
0019.946322
003CaOODSP
00520250109112703
006m     o  d f      
007cr cn ||||||||
008241218s2024    onca    ob   f000 0 eng d
020 |a9780660750095
040 |aCaOODSP|beng|erda|cCaOODSP
043 |aa-ir---
0861 |aD96-125/2024E-PDF
24500|aTargeted manipulation : |bIran's social engineering and spear phishing campaigns.
264 1|a[Ottawa] : |bCommunications Security Establishment = Centre de la sécurité des telecommunications, |c[2024]
300 |a1 online resource (9 pages) : |billustrations
336 |atext|btxt|2rdacontent
337 |acomputer|bc|2rdamedia
338 |aonline resource|bcr|2rdacarrier
500 |aIssued also in French under title: Manipulation ciblée : campagnes de piratage psychologique et de harponnage de l'Iran.
500 |a"Unclassified / Non classifié//TLP: Clear."
504 |aIncludes bibliographical references (page 9).
520 |a"This report advises on the threat from social engineered spear phishing campaigns by Iranian state-sponsored actors. It is intended for experts and professionals that work in fields that may be of strategic interest for Iran, cyber security professionals, and the general reader with an interest in cyber security"--About this report, page 2.
650 0|aPhishing|zIran.
7102 |aCommunications Security Establishment (Canada), |eissuing body.
7102 |aCanadian Centre for Cyber Security, |eissuing body.
77508|tManipulation ciblée : |w(CaOODSP)9.946321
85640|qPDF|s544 KB|uhttps://publications.gc.ca/collections/collection_2025/cstc-csec/D96-125-2024-eng.pdf
8564 |qHTML|sN/A|uhttps://www.cyber.gc.ca/en/guidance/targeted-manipulation-irans-social-engineering-and-spear-phishing-campaigns